000 00563nmm a2200169Ia 4500
008 251105s9999||||xx |||||||||||||||||und||
020 _a9788484890652
041 _aspa
100 _aLienhard, Martin (coord.)
245 0 _aRitualidades latinoamericanas :
_b Un acercamiento interdisciplinario / Uma aproximação
264 _a[Madrid, España] :
_bIberoamericana Vervuert,
_c2003
300 _a440 páginas
490 _aNexos y diferencias
650 _aLatin American literature
856 _uhttps://public.digitaliapublishing.com/a/17718
942 _cCF
999 _c86492
_d86492